Statistics for Oldest Teams in College Football

Click here to take the quiz!

General Stats

  • This quiz has been taken 36 times
  • The average score is 17 of 25

Answer Stats

Games PlayedSchool% Correct
1,339Alabama
92%
1,355Penn State
88%
1,335Georgia
84%
1,364Michigan
84%
1,336Ohio State
84%
1,380Rutgers
80%
1,318Tennessee
80%
1,346Texas
80%
1,318Kentucky
72%
1,323Notre Dame
68%
1,313Oklahoma
68%
1,357Nebraska
64%
1,351North Carolina
64%
1,355Syracuse
64%
1,305Texas A&M
64%
1,351Virginia
64%
1,338Pittsburgh
60%
1,410California
56%
1,315Georgia Tech
56%
1,317Kansas
56%
1,318Maryland
56%
1,327Missouri
56%
1,371Navy
48%
1,305Vanderbilt
44%
1,327West Virginia
40%

Score Distribution

Percentile by Number Answered

Percent of People with Each Score

Your Score History

You have not taken this quiz